Profil vychovatele, pedagoga volného času

Bibliographic Details
Main Author: Hájek, Bedřich, 1941- (Author)
Format: Article
Language:Slovak
Czech
ISSN:0139-6919
Subjects:

MARC

LEADER 00000nab a2200000 a 4500
001 vtls008303940
003 SK-MaSNL
005 20260304133744.0
008 250505c2005 xo |r|p||| |000 b|slo
015 |a SNBRB2005/10 
035 |a (uuid)d6beec32-ade3-4385-86d1-edf67147cd93 
035 |a urn:nbn:sk:snk-abd520 
035 |a (urnnbn)urn:nbn:sk:snk:ar-007fji 
038 |a SPK 
040 |a SNKBUCL  |b slo  |c SNKBUCL  |e AACR2 
041 0 |a cze 
044 |a xo  |c SK 
080 |a 379.8  |2 1997 
080 |a 371.12  |2 1997 
100 1 |a Hájek, Bedřich,  |d 1941-  |4 aut  |9 182558 
245 1 0 |a Profil vychovatele, pedagoga volného času  |c Bedřich Hájek 
500 |a Pokračovanie 
650 0 7 |a výchova pre voľný čas  |2 spk  |9 71084 
650 0 7 |a vychovávateľ  |2 spk  |9 1230336 
773 0 |t Vychovávateľ  |g Roč. LII, č. 2 (2005), s. 2-4  |x 0139-6919 
850 |a Slovenská národná knižnica 
852 |a Slovenská národná knižnica 
958 |a article17 
958 |a OND 
958 |a EUIPO 
999 |c 2903549  |d 2905479